| 000 | 00813nam a22002537a 4500 | ||
|---|---|---|---|
| 005 | 20170123162318.0 | ||
| 010 | _aA-794701 | ||
| 020 | _c80.00 | ||
| 035 | _aA-794701 | ||
| 037 | _bCen Lib/Ret | ||
| 040 |
_aDPL _bUR |
||
| 082 |
_aن _bم ش ر |
||
| 100 |
_aمشرّف عالم ذوقی _9376 |
||
| 245 |
_aشہر چپ ہے / _cمشرّف عالم ذوقی |
||
| 246 |
_aShahar chup hai / _bby Mushrraf Alam Zaoki |
||
| 260 |
_aنیی دہلی _bتخلیقکر پبلشرس _c1995 |
||
| 270 |
_bنیی دہلی _a1779- کچہ دکھنی رہے دریاگنج _e110002 |
||
| 300 |
_a208p. _c21cm(Hb) |
||
| 650 |
_aاردو ادب _9115999 |
||
| 650 |
_aاردو ناول _9547 |
||
| 650 |
_aUrdu literature _9116000 |
||
| 650 |
_aUrdu novel _9116001 |
||
| 942 |
_2ddc _cUR _hن _mم ش ر |
||
| 999 |
_c106911 _d106911 |
||